Angola a modern military history, 1961-2002 (Registro nro. 180103)

Detalles MARC
000 -ENCABEZADO
Número de control [NR] 01068cam a2200265 a 4500
005 - FECHA Y HORA DE LA ÚLTIMA TRANSACCIÓN
control field 20140903174917.0
008 - DE LONGITUD FIJA DE DATOS DE ELEMENTOS - INFORMACIÓN GENERAL
Elementos de longitud fija [NR] 130906e2011 xxub grn 001 0 eng d
020 ## - NUMERO INTERNACIONAL NORMALIZADO PARA LIBROS [R]
Número Internacional Normalizado del libro [NR] 0230117775
Términos de disponibilidad [NR] 9780230117778
040 ## - FUENTE DE CATALOGACION [NR]
Agencia de catalogación original [NR] CO-BoUCM
Idioma de catalogación [NR] spa
Quien Cataloga
Quien Clasifica
041 00 - CODIGO DE IDIOMA [R]
Código de idioma para texto/pista de sonido o título separado [R] Inglés
100 1# - ASIENTO PRINCIPAL--NOMBRE PERSONAL [NR]
Nombre personal [NR] Weigert, Stephen L.
ID Autoridad 44284
245 10 - MENCION DE TITULO [NR]
Título [NR] Angola a modern military history, 1961-2002
Mención de responsabilidad, etc. [NR] Stephen L. Weigert
260 ## - PUBLICACION, DISTRIBUCION, ETC. (PIE DE IMPRENTA) [R]
Lugar de publicación, distribución, etc. [R] New York
Nombre del editor, distribuidor, etc. [R] Palgrave Macmillan
Fecha de publicación, distribución, etc. [R] 2011
300 ## - DESCRIPCION FISICA [R]
Otros detalles físicos [NR] mapas
Extensión [R] 272 páginas
504 ## - NOTA DE BIBLIOGRAFIA, ETC. [R]
Nota de bibliografía, etc. [NR] Incluye referencias bibliográficas e índices
600 14 - ASIENTO SECUNDARIO DE MATERIA - NOMBRE PERSONAL [R]
Nombre personal [NR] Savimbi, Jonas Malheiro, 1934-2002
9 (RLIN) 44285
610 24 - ASIENTO SECUNDARIO DE MATERIA - NOMBRE CORPORATIVO [R]
Nombre corporativo o nombre de la jurisdicción como elemento de entrada [NR] União Nacional para a Independência Total de Angola
9 (RLIN) 44286
650 #7 - ASIENTO SECUNDARIO DE MATERIA - TERMINO TEMATICO [R]
Término temático o nombre geográfico como elemento de entrada [NR] Guerra de guerrillas
Subdivisión general [R] Historia
Subdivisión geográfica [R] Angola
Subdivisión cronológica [R] Siglo XX
9 (RLIN) 44287
650 #7 - ASIENTO SECUNDARIO DE MATERIA - TERMINO TEMATICO [R]
Término temático o nombre geográfico como elemento de entrada [NR] Táctica militar
Subdivisión geográfica [R] Angola
Subdivisión cronológica [R] Siglo XX
9 (RLIN) 44288
651 #4 - ASIENTO SECUNDARIO DE MATERIA - NOMBRE GEOGRAFICO [R]
Nombre geográfico [NR] Angola
Subdivisión general [R] Historia
Subdivisión cronológica [R] Guerra Civil, 1975-2002
9 (RLIN) 44289
651 #4 - ASIENTO SECUNDARIO DE MATERIA - NOMBRE GEOGRAFICO [R]
Nombre geográfico [NR] Angola
Subdivisión general [R] Historia
Subdivisión cronológica [R] Revolución, 1961-1975
9 (RLIN) 44290
690 ## - ASUNTO AGREGADO LOCAL DE ENTRADA - TÉRMINO TEMÁTICO (OCLC, RLIN)
Acceso temático local Historia de África
942 ## - ELEMENTOS DE ENTRADA AGREGADOS (KOHA)
Tipo de ítem principal el descrito en 300a Libro
Edición 1
Tema principal Historia
Parte restante de la signatura top. W419a
Sistema de clasificación DEWEY
Clasificación 967.304
Existencias
Fecha de último préstamo Total préstamos Signatura topográfica Código de barras Última vez visto Ejemplar Costo de reposición Price effective from Tipo de ítem Perdido Sistema de clasificación Dañado No prestable Tipo de ítem específico Suprimido Ubicación habitual Ubicación actual Localización Fecha de creación Proveedor Forma de adquisición Costo
30/11/2018 3 967.304 W419a 100135814 10/12/2025 Ej.1 161595.00 15/08/2013 Libro   DEWEY     Libro   Claustro Claustro 2do piso 15/08/2013 15 Compra 161500.00